000 00724nam a2200241Ia 4500
003 OSt
005 20220925195616.0
006 a|||||r|||| 00| 0
007 ta
008 220923b |||||||| |||| 00| 0 eng d
020 _a0226783154
037 _cGeneral Book
040 _aRTL
_cRTL
_beng
041 _2eng
_aeng
082 _aX: 77.20m41.n7, L3
100 _aSwamy Subramnian
245 0 _aEconomic growth in China and India 1952-1970
_b A comparative apprisal
260 _aChicago
_bUniversity of Chicago Press
_c1973
300 _aix,84p.
_ccm.
650 _aEconomic Development
_917300
942 _hX: 77.20m41.n7, L3
_cGB
_2CC
999 _c533607
_d533607